|
|
|
|
| LEADER |
00000nab a2200000 a 4500 |
| 001 |
vtls000211698 |
| 003 |
SK-MaSNL |
| 005 |
20260303224856.0 |
| 008 |
111202c1984 xo 0 slo |
| 015 |
|
|
|a SNBRA19rr/mm-uuuuu
|
| 035 |
|
|
|a CL0221812
|
| 040 |
|
|
|a SNKBUCL
|b slo
|c SNKBUCL
|e AACR2
|
| 041 |
0 |
|
|a slo
|
| 044 |
|
|
|a xo
|c SK
|
| 080 |
|
|
|a 371.68/.69:681.3:378.633
|2 1981
|
| 080 |
|
|
|a 681.3
|2 1981
|
| 080 |
|
|
|a 378.633
|2 1981
|
| 100 |
1 |
|
|a Pilková, Anna,
|d 1953-
|4 aut
|9 196091
|
| 245 |
1 |
0 |
|a Smery využívania výpočtovej techniky v predmete "plánovanie priemyselných podnikov"
|c Anna Pilková, Zuzana Matulová, Jozef Kraľovič
|
| 610 |
2 |
7 |
|a Vysoká škola ekonomická v Bratislave
|2 snkbucl
|9 160388
|
| 650 |
0 |
7 |
|a výpočtová technika
|2 snkbucl
|9 1126
|
| 651 |
|
7 |
|a 5100
|2 snkbucl
|9 166206
|
| 655 |
|
7 |
|a články zo zborníkov
|2 snkbucl
|9 166140
|
| 700 |
1 |
|
|a Matulová, Zuzana
|4 aut
|9 279098
|
| 700 |
1 |
|
|a Kráľovič, Jozef,
|d 1941-
|4 aut
|9 210298
|
| 773 |
0 |
|
|t Využitie výpočtovej techniky v školstve
|d Bratislava : Dom techniky ČSVTS, 1984
|
| 850 |
|
|
|a Slovenská národná knižnica v Martine
|a MTA001
|
| 852 |
|
|
|a SNK
|b KIS3GCP
|
| 958 |
|
|
|a RK
|
| 992 |
|
|
|a RZB
|
| 999 |
|
|
|c 2254530
|d 2256460
|